Statistics for Europe Currency Quiz

Click here to take the quiz!

General Stats

  • This quiz has been taken 703 times
  • The average score is 33 of 42

Answer Stats

CountryCurrency% Correct
Vatican CityEuro
99%
IrelandEuro
99%
SpainEuro
99%
SloveniaEuro
99%
SlovakiaEuro
99%
San MarinoEuro
99%
PortugalEuro
99%
NetherlandsEuro
99%
MonacoEuro
99%
MaltaEuro
99%
AndorraEuro
99%
LithuaniaEuro
99%
LatviaEuro
99%
ItalyEuro
99%
LuxembourgEuro
99%
GreeceEuro
99%
GermanyEuro
99%
FranceEuro
99%
FinlandEuro
99%
EstoniaEuro
99%
BelgiumEuro
99%
AustriaEuro
99%
United KingdomPound
88%
SwitzerlandFranc
74%
BelarusRuble
73%
RussiaRuble
73%
DenmarkKrone
72%
NorwayKrone
72%
SwedenKrona
68%
IcelandKrona
68%
PolandZłoty
59%
Bosnia & HerzegovinaMark
49%
SerbiaDinar
48%
BulgariaLev
48%
HungaryForint
45%
AlbaniaLek
45%
Czech RepublicKoruna
43%
RomaniaLeu
41%
MoldovaLeu
41%
CroatiaKuna
36%
MacedoniaDenar
32%
UkraineHryvnia
27%

Score Distribution

Percentile by Number Answered

Percent of People with Each Score

Your Score History

You have not taken this quiz